ধানশালিকের দেশ / (Record no. 50023)
[ view plain ]
| 000 -LEADER | |
|---|---|
| fixed length control field | 01002nam a2200241 a 4500 |
| 001 - CONTROL NUMBER | |
| control field | 50023 |
| 003 - CONTROL NUMBER IDENTIFIER | |
| rucl marc code | BD-RjUL |
| 005 - DATE AND TIME OF LATEST TRANSACTION | |
| control field | 20211209075439.0 |
| 008 - FIXED-LENGTH DATA ELEMENTS--GENERAL INFORMATION | |
| fixed length control field | 160823s1979 bg a|||| |||| 00| 0 ben d |
| 020 ## - INTERNATIONAL STANDARD BOOK NUMBER | |
| Terms of availability | : Tk. 15.00 |
| 035 ## - SYSTEM CONTROL NUMBER | |
| System control number | (BD-RjUL) 50143 |
| 040 ## - CATALOGING SOURCE | |
| Original cataloging agency | BD-RjUL |
| Language of cataloging | ben |
| Transcribing agency | BD-RjUL |
| 041 ## - LANGUAGE CODE | |
| Language code of text/sound track or separate title | ben |
| 082 ## - DEWEY DECIMAL CLASSIFICATION NUMBER | |
| Edition number | 23 |
| Classification number | 891.4408 |
| Author mark and year | DHA 1979 |
| 245 00 - TITLE STATEMENT | |
| Title | ধানশালিকের দেশ / |
| Statement of responsibility, etc. | সম্পাদক: আশরাফ সিদ্দিকী, সেলিনা হোসেন |
| 260 ## - PUBLICATION, DISTRIBUTION, ETC. (IMPRINT) | |
| Place of publication, distribution, etc. | ঢাকা : |
| Name of publisher, distributor, etc. | বাংলা একাডেমী, |
| Date of publication, distribution, etc. | ১৯৭৯ |
| 300 ## - PHYSICAL DESCRIPTION | |
| Pagination | ২৪৪ পৃ. : |
| Illustrations | চিত্র ; |
| Size | ২৩ সেমি. |
| 650 ## - SUBJECT ADDED ENTRY--TOPICAL TERM | |
| Topical term or geographic name as entry element | বাংলা সাহিত্য |
| General subdivision | সংগ্রহ |
| 9 (RLIN) | 122902 |
| Topical term or geographic name as entry element | Bengali Literature |
| General subdivision | Collected works |
| 9 (RLIN) | 118004 |
| 700 ## - ADDED ENTRY--PERSONAL NAME | |
| Personal name | সিদ্দিকী, আশরাফ, সম্পাদক |
| Personal name | হোসেন, সেলিনা, সহ-সম্পাদক |
| 942 ## - ADDED ENTRY ELEMENTS (KOHA) | |
| Source of classification or shelving scheme | Dewey Decimal Classification |
| Koha item type | Books |
| Lost status | Source of classification or shelving scheme | Damaged status | Not for loan | Collection code | Permanent Location | Current Location | Shelving location | Date acquired | Source of acquisition | Cost, normal purchase price | Total Checkouts | Full call number | Date last seen | Copy number | Koha item type |
|---|---|---|---|---|---|---|---|---|---|---|---|---|---|---|---|
| Dewey Decimal Classification | Non-fiction | Central Library, University of Rajshahi | Central Library, University of Rajshahi | 21/01/1985 | Bangla Academy, Dhaka | 15.00 | B 891.4408 DHA 1979 | 23/08/2016 | C-2 | Books |